Market leader

This gives extra practice in the areas of grammar and vocabulary, together with a complete syllabus in business writing *Students work with text models and useful language, then do a writing task to consolidate the learning *Provides regular self-study pronunciation work with audio CDs or cassettes...

Cijeli opis

Spremljeno u:
Bibliografski detalji
Glavni autor: Rogers, John
Format: Knjiga
Jezik:Undetermined
Izdano: Harlow Pearson Education 2006
Teme:
Oznake: Dodaj oznaku
Bez oznaka, Budi prvi tko označuje ovaj zapis!
Thư viện lưu trữ: Trung tâm Học liệu Trường Đại học Cần Thơ
LEADER 00919nam a2200205Ia 4500
001 CTU_134171
008 210402s9999 xx 000 0 und d
020 |c 49000 
082 |a 428.24 
082 |b R724u 
100 |a Rogers, John 
245 0 |a Market leader 
260 |a Harlow 
260 |b Pearson Education 
260 |c 2006 
520 |a This gives extra practice in the areas of grammar and vocabulary, together with a complete syllabus in business writing *Students work with text models and useful language, then do a writing task to consolidate the learning *Provides regular self-study pronunciation work with audio CDs or cassettes and exercises 
650 |a English language,English language,Anh ngữ,Anh ngữ 
650 |x Business english,Study and teaching,Tiếng Anh thương mại,Học và dạy 
904 |i Tuyến 
980 |a Trung tâm Học liệu Trường Đại học Cần Thơ